000 00408nam a22001577a 4500
005 20250723163301.0
008 250723b |||||||| |||| 00| 0 eng d
020 _a9780310228738
050 _aREF BS440
_bDOU
100 _aDOUGLAS J. D.
245 _aNIV COMPACT DICTIONARY OF THE BIBLE
260 _aMICHIGAN
_bZONDERVAN
_cc1986
300 _axxix, 668
700 _aTENNEY MERRILL C.
942 _2lcc
_cBK
_n0
999 _c7123
_d7123